|
|
แสดงรายละเอียดบรรณานุกรม |
|
|
Brief Record
: Get Marc (ISO 2709)
: E-mail record
: |
|
|
| LEADER 00000nam 2200000uu 4500 | |||
| 001 206132 | |||
| 003 ULIBM | |||
| 008 110621s2007||||th 000 0 tha d | |||
| 020 978-1-4018-3718-1 | |||
| 060 0 WY 100 D186c 2007. | |||
| 100 0 ^aDaniels, Rick RN. | |||
| 245 00 ^aContemporary medical-surgical nursing./Rick Daniels, Laura Nosek, Leslie Nicoll. | |||
| 260 ^aClifton Park,NY :^bThomson Delmar Learning,^c2007. | |||
| 300 ^a 2,226 p. ;^bill. + CD-ROM | |||
| 650 0 ^aNursing. | |||
| 650 0 ^aSurgical nursing. | |||
| 650 0 ^aNursing Care. | |||
| 700 0 ^aNosek, Laura John. | |||
| 700 0 ^aNicoll, Leslie H. | |||
| 999 ^aใช้งานได้ทุกระบบ | |||
| คุณยังไม่ได้ล็อกอิน คุณสามารถมีกิจกรรมร่วมกับเว็บไซต์ได้ แต่ต้องล็อกอินก่อน :: |
|
| สถานะ | |||||||||
| 1. | หนังสือทั่วไป | WY 100 D186c 2007 | On Shelf ขอยืม | ||||||
| [แสดง 1/1 รายการ] | |||||||||
BibComment |
| คอมเมนท์ทรัพยากรรายการนี้ |
|
|